000 00590nab a22001937a 4500
001 24439
003 KOHA_MİRAKIL
005 20230714053419.0
008 230712b tu ||||| |||| 00| 0 tur d
020 _a000-000-1152
040 _aTR-AnANB
_btur
_cTR-AnANB
090 _aSelçuk Üniversitesi Hukuk Fakültesi Dergisi 2015 Sayı-1
245 0 _aUluslararası Andlaşmaların Hukuksal Geçerliliği /
_cSelcen Erdal.
250 _a1.Basım
260 _aKonya:
_bSelçuk Üniversitesi Hukuk Fakültesi ,
_c2015.
300 _aSayfa 71-95
310 _aAltı Aylık
942 _2ddc
_cAR
999 _c34099
_d34099